000 00635nam a2200193Ia 4500
003 GCL
008 140319s9999 xx 000 0 ara d
040 _aGCL /
_cGCL
082 0 4 _a001.6424
_bم م
100 1 _aمحمد جمال احمد قبيعة
245 1 0 _aالمرجع الكامل لنظام التشغيل دوس MS-DOS 6.0 /
_cمحمد جمال احمد قبيعة
260 _a[S.N] :
_bدار الراتب الجامعية ،
_c1994
300 _aمتعدد
490 _a
650 0 4 _aدوس
650 0 4 _aنظم التشغيل
650 0 4 _aبرامج الحاسبات الالكترونية
942 _2ddc
_cBK
999 _c50770
_d50770